000 00591nam a2200157Ia 4500
008 151213s9999 xx 000 0 und d
100 _aমো: হেলাল উদ্দিন।
245 _aআয়কর নির্দেশিকা
_cমো: হেলাল উদ্দিন।
250 _a৪র্থ সং
260 _aভোলা।
_bমোছাম্মৎ তাছলিমা বেগম।
_c1993
300 _a3785 p.
650 _aAccounting
650 _aএকাউন্টস
700 _aমো: হেলাল উদ্দিন।
999 _c2497
_d2497